| 000 | 03424cam a2200505 i 4500 | ||
|---|---|---|---|
| 999 |
_c57498 _d57498 |
||
| 001 | 17773845 | ||
| 005 | 20200629133110.0 | ||
| 006 | m |o d | | ||
| 007 | cr_||||||||||| | ||
| 008 | 130612s2014 nju o 001 0 eng | ||
| 010 | _a 2013023774 | ||
| 020 | _a9781118740057 (epub) | ||
| 020 | _a9781118740071 (pdf) | ||
| 020 | _a9781118740125 ( mobi) | ||
| 020 | _z9781118458341 (pbk.) | ||
| 040 |
_aDLC _beng _cDLC _erda _dDLC |
||
| 041 | _aeng | ||
| 042 | _apcc | ||
| 050 | 0 | 0 | _aTH146 |
| 080 | _a692 Ch-53 | ||
| 082 | 0 | 0 |
_a690 _223 |
| 084 |
_aARC004000 _2bisacsh |
||
| 100 | 1 |
_aChing, Francis D. K., _d1943- _94568 |
|
| 245 | 1 | 0 |
_aBuilding construction illustrated / _cFrancis D. K. Ching. |
| 250 | _aFifth edition. | ||
| 264 | 1 |
_aHoboken, New Jersey : _bJohn Wiley & Sons, Inc., _c2014. |
|
| 300 | _a1 online resource. | ||
| 336 |
_atext _2rdacontent |
||
| 337 |
_acomputer _2rdamedia |
||
| 338 |
_aonline resource _2rdacarrier |
||
| 500 | _aIncludes index. | ||
| 520 |
_a"The classic visual guide to the basics of building construction, now with a 3D digital building model for interactive learningFor over three decades, Building Construction Illustrated has offered an outstanding introduction to the principles of building construction. This new edition of the revered classic remains as relevant as ever, providing the latest information in Francis D.K. Ching's signature style. Its rich and comprehensive approach clearly presents all of the basic concepts underlying building construction. New to this edition are digital enhancements delivered as an online companion to the print edition and also embedded in e-book editions. Features include a 3D model showing how building components come together in a final project. llustrated throughout with clear and accurate drawings that present the state of the art in construction processes and materials Updated and revised to include the latest knowledge on sustainability, incorporation of building systems, and use of new materials Contains archetypal drawings that offer clear inspiration for designers and drafters Reflects the 2012 International Building Codes and 2012 LEED system This new edition of Building Construction Illustrated remains as relevant as ever, with the most current knowledge presented in a rich and comprehensive manner that does not disappoint"-- _cProvided by publisher. |
||
| 520 |
_a"This new edition of the revered classic remains as relevant as ever, providing the latest information in Francis D.K. Ching's signature style. Its rich and comprehensive approach clearly presents all of the basic concepts underlying building construction"-- _cProvided by publisher. |
||
| 588 | _aDescription based on print version record and CIP data provided by publisher. | ||
| 650 | 0 |
_aBuilding. _98873 |
|
| 650 | 0 |
_aHouse construction. _98874 |
|
| 650 | 7 |
_aARCHITECTURE / Design, Drafting, Drawing & Presentation. _2bisacsh _98568 |
|
| 653 | _aსამშენებლო კონსტრუქცია | ||
| 653 | _aმშენებლობა | ||
| 653 | _aინჟინერია | ||
| 776 | 0 | 8 |
_iPrint version: _aChing, Frank, 1943- _tBuilding construction illustrated _bFifth edition. _dHoboken, New Jersey : John Wiley & Sons, Inc., 2014 _z9781118458341 _w(DLC) 2013016213 |
| 906 |
_a7 _bcbc _corigcop _d1 _eecip _f20 _gy-gencatlg |
||
| 942 |
_2udc _cBK |
||
| 955 | _aecip ebook 2013-06-12 | ||